Discapacidad y derechos : impacto de la Convención sobre los Derechos de las Personas con Discapacidad /
Guardado en:
| Autor Principal: | |
|---|---|
| Formato: | Desconocido |
| Idioma: | Spanish |
| Publicado: |
Ciudad Autonoma de Buenos Aires :
Jusbaires,
2017.
|
| Edición: | 1a. ed. |
| Series: | Colección Doctrina
|
| Materias: | |
| Etiquetas: |
Agregar Etiqueta
Sin Etiquetas, Sea el primero en etiquetar este registro!
|
| LEADER | 00731nac a22002055a 4500 | ||
|---|---|---|---|
| 001 | DER.der013411 | ||
| 008 | 180615s2017####ag#||||||||||||||#||spa|| | ||
| 005 | 20240305144835.0 | ||
| 245 | 1 | 0 | |a Discapacidad y derechos : |b impacto de la Convención sobre los Derechos de las Personas con Discapacidad / |c Juan Antonio Seda. |
| 250 | |a 1a. ed. | ||
| 260 | |a Ciudad Autonoma de Buenos Aires : |b Jusbaires, |c 2017. | ||
| 300 | |a 191 p. | ||
| 440 | 0 | |a Colección Doctrina | |
| 020 | |a 9789874057723 | ||
| 100 | 1 | |a Seda, Juan Antonio | |
| 650 | 7 | |a DISCAPACIDAD | |
| 650 | 7 | |a MULTICULTURALISMO | |
| 650 | 7 | |a MARCO NORMATIVO SOBRE DISCAPACIDAD | |
| 859 | |a DERECHO |b BIB. DERECHO |h 346.013 |i SED |p 008363 | ||
| 859 | |a DERECHO |b BIB. DERECHO |h 346.013 |i SED |p 009242 |t 1 | ||
